Best Film/Latest Film- Faded Hollywood Stars - Statistics

General Stats
  • This quiz has been taken 27 times
  • The average score is 4 of 5
Answer Stats
Hint Answer % Correct
Best-Saturday Night Fever (1977) Box Office- $237.1M Academy Award Nominee for Best Actor Rotten Tomatoes- 82% Latest- High Rollers (2025) Box Office- N/A IMDb- 3.8/10 John Travolta
100%
Best-Rocky (1976) Box Office- $225M 1977- Academy Award Winner for Best Picture 1977- Academy Award Winner for Best Director 1977- Academy Award Winner for Best Film Editing Rotten Tomatoes- 93% Latest- Alarum (2025) Box Office- $60,007 Rotten Tomatoes- 0% Sylvester Stallone
100%
Best-Leaving Las Vegas (1995) Box Office- $49.8M 1996- Academy Award Winner for Best Actor Rotten Tomatoes- 91% Latest- Gunslingers (2025) Box Office- N/A Rotten Tomatoes- 5% Nicolas Cage
88%
Best- Pulp Fiction (1994)
Box Office- $213.9M 1995- Academy Award Winner for Best Screenplay- Written Directly for the Screen Rotten Tomatoes- 92% Latest-
Assassin (2023) Box Office- $132,005 Rotten Tomatoes- 9%
Bruce Willis
67%
Best- Under Siege (1992)
Box Office- $156.6M Academy Award Nominee for Best Sound Effect Editing Academy Award Nominee for Best Sound Rotten Tomatoes- 83%
Latest- Beyond the Law (2019) Domestic DVD sales- $20,395 Rotten Tomatoes- 17%
Steven Seagal
54%
No matching quizzes found
Score Distribution
Percent of People with Each Score
Percentile by Number Answered
Your Score History
You have not taken this quiz